النبوءة أو قدر البطل : (Record no. 14455)
[ view plain ]
| 000 -الفاتح | |
|---|---|
| حقل البيانات ثابتة الطول | 00956nam a22001937a 4500 |
| 008 - عناصر البيانات ثابتة الطول - معلومات عامة | |
| حقل البيانات ثابتة الطول | 100711s2001 xxu||||| |||| 00| 0 ara d |
| 082 ## - رقم تصنيف ديوى العشرى | |
| رقم الطبعة | 22 |
| رقم التصنيف | 398.204 |
| رقم المادة | ح ج ا |
| 100 1# - المدخل الرئيسى - إسم شخصى | |
| 9 (RLIN) | 16144 |
| الإسم الشخصى | الحجاجي ، أحمد شمس الدين |
| 245 ## - بيان العنوان | |
| العنوان | النبوءة أو قدر البطل : |
| بقية العنوان | في السيرة الشعبية العربية / |
| بيان المسئوليه,etc | أحمد شمس الدين الحجاجي |
| 250 ## - بيان الطبعة | |
| بيان الطبعة | ط2. |
| 260 ## - PUBLICATION, DISTRIBUTION, ETC. (IMPRINT) | |
| مكان الناشر او الموزع | القاهرة : |
| اسم الناشر او الموزع | الهيئة العامة لقصور الثقافة ، |
| تاريخ النشر أو التوزيع | 2001. |
| 300 ## - الوصف المادى | |
| التعداد | 159 ص : |
| تفاصيل ماديه اخرى للوعاء | ايض ؛ |
| أبعاد الوعاء | 22 سم. |
| 490 ## - بيان السلسلة | |
| -- | 16145 |
| عنوان السلسلة | مكتبة الدراسات الشعبية |
| -- | 57 |
| 541 ## - تبصرة المصدر المباشر للتزويد | |
| مصدر التزويد | ألف باء ؛ |
| طريقة التزويد | شراء ؛ |
| 650 ## - المدخل الاضافى بالموضوع-مصطلح موضوعى | |
| 9 (RLIN) | 16146 |
| مصطلح موضوعي أو اسم جغرافي كعنصر مدخل | السير الشعبية العربية |
| 650 ## - المدخل الاضافى بالموضوع-مصطلح موضوعى | |
| 9 (RLIN) | 16147 |
| مصطلح موضوعي أو اسم جغرافي كعنصر مدخل | الأدب الشعبي |
| 942 ## - عناصر المدخل الإضافي( كوها) | |
| مصدر التصنيف او مخطط الترفيف | Dewey Decimal Classification |
| Koha [default] item type | Book - Borrowing |
| حالة التراجع | حالة الفقد | مصدر التصنيف او خطة الترفيف | حالة تلف | ليس للاعارة | مجموعات كوها | المكان الدائم | المكان الحالي | موقع الترفيف | تاريخ الاكتساب | Source of acquisition | رقم الاستدعاء | الباركود | Date last seen | نوع الوعاء |
|---|---|---|---|---|---|---|---|---|---|---|---|---|---|---|
| Dewey Decimal Classification | Alef-Baa | Central Library | Central Library | First floor | 11/07/2010 | 398.204 الح | 000021037 | 15/07/2025 | Book - Borrowing |